Elizabeth the Great /

This book is a revealing study of Elizabeth I and her court. The author examines both their historical significance and the minutia of their daily lives (conversational topics, meals, living conditions, et cetera) to provide a contextual view of the court within 16th century Britain. The author also...

Full description

Bibliographic Details
Main Author: Jenkins, Elizabeth, 1905-2010 (Author)
Format: Book
Language:English
Published: New York : Coward-McCann, 1958.
Edition:[Book club ed.].
Subjects:

MARC

Tag First Indicator Second Indicator Subfields
LEADER 00000cam a2200000 i 4500
001 in00004804313
008 761001s1958 nyuaf b 000 0beng d
005 20240807181233.4
035 |a (OCoLC)ocm02475841  
040 |a LQS  |b eng  |e rda  |c LQS  |d OCL  |d UV$  |d OCLCG  |d GDC  |d OCLCA  |d OCLCQ  |d OCLCA  |d OCLCQ  |d OCLCF  |d OCLCQ  |d OCLCA  |d OCLCO  |d COM  |d OCLCO  |d OCLCQ  |d OCL  |d OCLCO  |d OCLCL 
029 1 |a ZWZ  |b 04606835X 
035 |a (OCoLC)02475841 
043 |a e-uk-en 
050 4 |a DA355  |b .J4 1958a 
082 0 4 |a 921 
049 |a MAIN 
100 1 |a Jenkins, Elizabeth,  |d 1905-2010.  |1 https://id.oclc.org/worldcat/entity/E39PBJwtjmpKXwybQHgtgCqCwC  |0 http://id.loc.gov/authorities/names/n80005240,  |e author 
245 1 0 |a Elizabeth the Great /  |c Elizabeth Jenkins. 
250 |a [Book club ed.]. 
264 1 |a New York :  |b Coward-McCann,  |c 1958. 
300 |a 349 pages, 8 unnumbered leaves of plates :  |b illustrations ;  |c 22 cm 
336 |a text  |b txt  |2 rdacontent 
337 |a unmediated  |b n  |2 rdamedia 
338 |a volume  |b nc  |2 rdacarrier 
504 |a Includes bibliographical references (pages 335-338). 
520 |a This book is a revealing study of Elizabeth I and her court. The author examines both their historical significance and the minutia of their daily lives (conversational topics, meals, living conditions, et cetera) to provide a contextual view of the court within 16th century Britain. The author also describes Elizabeth in terms of those things that make her most interesting--her fierce and consuming passion to play her role as Queen of England, her great physical energy, her fantastic vanity, her strange mixture of personal cowardice and extreme bravery, her steadfast loyalty to her trusted friends, and her brutal treatment of those who offended her. 
590 |b TAG Physical Holdings 2 
600 0 0 |a Elizabeth  |b I,  |c Queen of England,  |d 1533-1603. 
600 0 7 |a Elizabeth  |b I,  |c Queen of England,  |d 1533-1603  |2 fast  |1 https://id.oclc.org/worldcat/entity/E39PBJyX3hFJWgCw6PFyXmQDv3 
655 2 |a Biography 
655 7 |a Biographies  |2 fast 
655 7 |a Biographies.  |2 lcgft  |0 http://id.loc.gov/authorities/genreForms/gf2014026049 
655 7 |a Biographies.  |2 rvmgf 
758 |i has work:  |a Elizabeth the Great (Text)  |1 https://id.oclc.org/worldcat/entity/E39PCGV9gbbPctdHBd4CxjvwVK  |4 https://id.oclc.org/worldcat/ontology/hasWork 
776 0 8 |i Online version:  |a Jenkins, Elizabeth, 1905-2010.  |t Elizabeth the Great.  |b [Book club ed.].  |d New York : Coward-McCann, 1958  |w (OCoLC)988172812 
994 |a 92  |b TAG 
852 |a TAG  |b TAGC  |c galv,stk  |h DA355 .J4 1958a  |t c.1 
876 |p 33620000358016  |v unmediated -- volume 
999 f f |s e588b72b-df76-4d92-bfea-ccea52cc6e6b  |i f3cf56d4-5615-4ff7-8472-54e434e7c057  |t 0 
952 f f |p normal  |a Texas A&M University  |b Galveston Campus  |c Jack K. Williams Library  |d Galveston Stacks  |t 0  |e DA355 .J4 1958a  |h Library of Congress classification  |i unmediated -- volume  |m 33620000358016 
998 f f |a DA355 .J4 1958a  |t 0  |l Galveston Stacks